00495nam a22001577a 450000500170000000800410001702000180005804100130007608200150008910000400010424500630014425000190020726000540022630000320028065000250031220231212124147.0231212b |||||||| |||| 00| 0 eng d a9781485135180 aEnglish  a346.2 CON  aVan Huyssteen, LF et al. lEnglish  aContract : General Principles / cLF Van Huyssteen et al.  aSixth Edition  aCape Town : bJuta and Company (Pty) Ltd, c2020  bxiv, 774 pages ; c25 cm.  aLegal practice bLaw